[Event "Figueira da Foz op 10th"]
[Site "Figueira da Foz"]
[Date "2016.11.06"]
[Round "9"]
[White "Padeiro, Jose Joao Tato"]
[Black "Gavasheli, Ana"]
[Result "0-1"]
[WhiteElo "2292"]
[BlackElo "2203"]
[PlyCount "128"]
[EventDate "2016.10.30"]
[EventType "swiss"]
[EventRounds "9"]
[EventCountry "POR"]
[SourceTitle "CBM 175 Extra"]
[Source "ChessBase"]
[SourceDate "2016.12.12"]
[SourceVersion "1"]
[SourceVersionDate "2016.12.12"]
[SourceQuality "1"]

1. e4 d6 2. d4 Nf6 3. Nc3 g6 4. Nf3 Bg7 5. Be2 0-0 6. 0-0 c6 7. a4 a5 8. h3 Na6 9. Be3 Qc7 10. Bc4 Nb4 11. Bb3 b6 12. Re1 e5 13. dxe5 dxe5 14. Nd2 Nd7 15. Nc4 Ba6 16. Qd6 Qxd6 17. Nxd6 Nc5 18. Bxc5 bxc5 19. Red1 c4 20. Nxc4 Nxc2 21. Bxc2 Bxc4 22. b3 Be6 23. Kf1 Rab8 24. Rab1 Rb6 25. Ne2 Rfb8 26. Nc1 f6 27. f3 Bf8 28. Ke2 Bc5 29. Nd3 Bd4 30. Nc1 c5 31. Nd3 Kf7 32. Rbc1 Ke7 33. f4 Kd6 34. fxe5+ fxe5 35. Nb2 Rf8 36. Nd3 Bxb3 37. Bxb3 Rxb3 38. Rc2 Ra3 39. Rc4 Ra2+ 40. Rd2 Rxd2+ 41. Kxd2 Rf1 42. Ke2 Ra1 43. Ne1 Ra3 44. Nc2 Rg3 45. Kf1 Rc3 46. Rxc3 Bxc3 47. Ne3 c4 48. Nxc4+ Kc5 49. Ne3 Kb4 50. Nd5+ Kb3 51. Ke2 Bd4 52. Kd3 Kxa4 53. Kc4 Ka3 54. Nc7 Kb2 55. Ne6 Bf2 56. Kb5 Be1 57. Ka4 Kc2 58. Nf8 Kd3 59. Nxh7 Kxe4 60. Nf8 g5 61. Ne6 Kf5 62. Nc5 e4 63. Kb3 Bb4 64. g4+ Ke5 0-1

[Event "Sautron op 16th"]
[Site "Sautron"]
[Date "2016.10.22"]
[Round "8.10"]
[White "Colin, Vincent"]
[Black "Gavasheli, Ana"]
[Result "1-0"]
[WhiteElo "2389"]
[BlackElo "2203"]
[PlyCount "53"]
[EventDate "2016.10.22"]
[EventType "swiss"]
[EventRounds "9"]
[EventCountry "FRA"]
[SourceTitle "EXT 2019"]
[Source "ChessBase"]
[SourceDate "2018.10.10"]
[SourceVersion "1"]
[SourceVersionDate "2018.10.10"]
[SourceQuality "1"]

1. e4 c6 2. c4 d5 3. exd5 cxd5 4. cxd5 Nf6 5. Nc3 Nxd5 6. Nf3 Nc6 7. Bc4 Nxc3 8. bxc3 e6 9. 0-0 Be7 10. d4 0-0 11. Re1 Bf6 12. Bd3 g6 13. Bh6 Bg7 14. Qd2 Bxh6 15. Qxh6 Qf6 16. Rad1 Qg7 17. Qf4 Rd8 18. Ng5 Ne7 19. Ne4 Nd5 20. Qh4 Bd7 21. c4 f5 22. cxd5 fxe4 23. Qxe4 Ba4 24. Qxe6+ Kh8 25. Rc1 Qxd4 26. Rc7 Re8 27. Rxh7+ 1-0

[Event "GEO-chT Club"]
[Site "Lagodekhi"]
[Date "2016.09.28"]
[Round "7.4"]
[White "Gavasheli, Ana"]
[Black "Khotenashvili, Bela"]
[Result "1-0"]
[WhiteElo "2198"]
[BlackElo "2463"]
[PlyCount "93"]
[EventDate "2016.09.22"]
[EventType "team-tourn"]
[EventRounds "7"]
[EventCountry "GEO"]
[SourceTitle "CBM 174 Extra"]
[Source "ChessBase"]
[SourceDate "2016.10.10"]
[SourceVersion "1"]
[SourceVersionDate "2016.10.10"]
[SourceQuality "1"]
[WhiteTeam "Racha Ambrolauri"]
[BlackTeam "Kakheti"]
[WhiteTeamCountry "GEO"]
[BlackTeamCountry "GEO"]

1. c4 c5 2. Nf3 g6 3. g3 Bg7 4. Bg2 Nc6 5. 0-0 e6 6. e3 Nge7 7. Nc3 Nf5 8. Ne2 0-0 9. d4 b6 10. d5 Na5 11. Nd2 Rb8 12. Rb1 exd5 13. cxd5 Ba6 14. Re1 Bd3 15. Ra1 Re8 16. Nb3 Nxb3 17. axb3 Bxe2 18. Rxe2 a5 19. Rc2 h5 20. h4 Qe7 21. Bd2 Nd6 22. Bc3 Bxc3 23. bxc3 c4 24. Rd2 Rec8 25. Rd4 cxb3 26. Qxb3 Nf5 27. Rd3 Nd6 28. Rd4 Rc5 29. c4 Qf6 30. Ra2 Qd8 31. Bf1 Nf5 32. Rf4 Qe7 33. Qb1 Nd6 34. Bd3 Kh7 35. Rb2 Nc8 36. g4 Qxh4 37. gxh5 Qg5+ 38. Kf1 Kg7 39. hxg6 f6 40. f3 Qh5 41. Kg1 Qe5 42. Re4 Qg3+ 43. Rg2 Qxf3 44. Qe1 Nd6 45. Re7+ Kf8 46. Rh7 Rcc8 47. Rg3 1-0

[Event "GEO-chT Club"]
[Site "Lagodekhi"]
[Date "2016.09.26"]
[Round "5.1"]
[White "Gvetadze, Sofio"]
[Black "Gavasheli, Ana"]
[Result "1-0"]
[WhiteElo "2276"]
[BlackElo "2198"]
[PlyCount "137"]
[EventDate "2016.09.22"]
[EventType "team-tourn"]
[EventRounds "7"]
[EventCountry "GEO"]
[SourceTitle "CBM 174 Extra"]
[Source "ChessBase"]
[SourceDate "2016.10.10"]
[SourceVersion "1"]
[SourceVersionDate "2016.10.10"]
[SourceQuality "1"]
[WhiteTeam "Tbilisi"]
[BlackTeam "Racha Ambrolauri"]
[WhiteTeamCountry "GEO"]
[BlackTeamCountry "GEO"]

1. e4 d6 2. d4 e5 3. Nf3 exd4 4. Qxd4 Nc6 5. Bb5 Bd7 6. Bxc6 Bxc6 7. Nc3 Nf6 8. Bg5 Be7 9. 0-0-0 0-0 10. Rhe1 Nd7 11. h4 Bf6 12. Qd2 h6 13. Bxf6 Qxf6 14. Nd4 Nc5 15. g4 Rfe8 16. g5 Qg6 17. f3 Rad8 18. Rg1 h5 19. Nce2 Ne6 20. Nf5 Kh8 21. Ne3 Bb5 22. Nc3 Bc6 23. Qf2 Nc5 24. Ng2 Qh7 25. Nf4 Ne6 26. Nxe6 fxe6 27. g6 Qh6+ 28. f4 Rf8 29. Rg5 Be8 30. Rdg1 Rf6 31. Qg3 c6 32. Kb1 Kg8 33. f5 exf5 34. exf5 Bd7 35. Ne4 Rxf5 36. Qxd6 Rdf8 37. b3 Bc8 38. Qe7 Rf4 39. Nd6 Bg4 40. Qxb7 R4f6 41. Nf7 R6xf7 42. gxf7+ Rxf7 43. Qb8+ Kh7 44. Re1 g6 45. Re8 Qg7 46. Rge5 Bd7 47. Rd8 Rf1+ 48. Kb2 Rf5 49. Rxd7 Qxd7 50. Re4 Qg7+ 51. c3 Rf2+ 52. Ka3 Rf7 53. Qe8 c5 54. Re5 Rc7 55. c4 Qf6 56. Re6 Qf5 57. Rd6 Qf7 58. Qe5 Qg7 59. Qg5 Qf7 60. Qe5 Qg7 61. Qe4 Re7 62. Qc6 Rc7 63. Qd5 Qf7 64. Qd3 Qg7 65. Rd5 Rc6 66. Rxh5+ Kg8 67. Qd8+ Kf7 68. Qd7+ Kg8 69. Qe8+ 1-0

[Event "GEO-chT Club"]
[Site "Lagodekhi"]
[Date "2016.09.24"]
[Round "3.2"]
[White "Arabidze, Meri"]
[Black "Gavasheli, Ana"]
[Result "1/2-1/2"]
[WhiteElo "2374"]
[BlackElo "2198"]
[PlyCount "144"]
[EventDate "2016.09.22"]
[EventType "team-tourn"]
[EventRounds "7"]
[EventCountry "GEO"]
[SourceTitle "CBM 174 Extra"]
[Source "ChessBase"]
[SourceDate "2016.10.10"]
[SourceVersion "1"]
[SourceVersionDate "2016.10.10"]
[SourceQuality "1"]
[WhiteTeam "Imereti Kutaisi"]
[BlackTeam "Racha Ambrolauri"]
[WhiteTeamCountry "GEO"]
[BlackTeamCountry "GEO"]

1. Nf3 d5 2. d4 e6 3. c4 Be7 4. Nc3 Nf6 5. Bf4 0-0 6. e3 b6 7. Rc1 c5 8. cxd5 exd5 9. dxc5 bxc5 10. Be2 Bb7 11. h3 Nbd7 12. 0-0 Rc8 13. Ne5 Nxe5 14. Bxe5 Nd7 15. Bf4 Nb6 16. Bf3 Ba6 17. Be2 Bb7 18. Bg4 Ra8 19. Bf3 Qd7 20. Qb3 d4 21. Bxb7 Qxb7 22. exd4 cxd4 23. Nb5 Bf6 24. Rc5 Qe4 25. Bc7 Nd7 26. Rcc1 a6 27. Nd6 Qe6 28. Qxe6 fxe6 29. Rfd1 e5 30. b4 Bh4 31. Rc2 Bd8 32. Bxd8 Raxd8 33. Ne4 Nf6 34. Nxf6+ Rxf6 35. f3 Rd5 36. a4 Kf7 37. Rc4 h5 38. h4 Rf4 39. Rd3 Rf6 40. Kf2 Rb6 41. Rd2 Kg6 42. Ke2 Kf5 43. Kd3 Rd7 44. Re2 Rd5 45. Rb2 g6 46. Rc8 Kf4 47. Rf8+ Kg3 48. Ke4 Rd7 49. Kxe5 d3 50. Rd2 Kxh4 51. Rf4+ Kg3 52. Rc4 Rbd6 53. Rc5 Rd4 54. Rc6 R7d5+ 55. Kf6 Kf4 56. Kxg6 Ke3 57. Rd1 Rd6+ 58. Rxd6 Rxd6+ 59. Kxh5 Ke2 60. Ra1 Rd4 61. b5 axb5 62. axb5 Rd5+ 63. Kg6 Rxb5 64. f4 d2 65. f5 Rb4 66. Kg5 Ra4 67. Rb1 Rb4 68. Ra1 Ra4 69. Rh1 Rc4 70. Ra1 Ra4 71. Rb1 Rb4 72. Ra1 Ra4 1/2-1/2

[Event "TUR-chT2"]
[Site "Konya"]
[Date "2016.07.21"]
[Round "7.6"]
[White "Gavasheli, Ana"]
[Black "Paehtz, Elisabeth"]
[Result "1-0"]
[WhiteElo "2190"]
[BlackElo "2498"]
[PlyCount "25"]
[EventDate "2016.07.17"]
[EventType "team-swiss"]
[EventRounds "9"]
[EventCountry "TUR"]
[SourceTitle "CBM 173 Extra"]
[Source "ChessBase"]
[SourceDate "2016.08.29"]
[SourceVersion "1"]
[SourceVersionDate "2016.08.29"]
[SourceQuality "1"]
[WhiteTeam "Ordu Azdur"]
[BlackTeam "Izmir Rota Koleji"]
[WhiteTeamCountry "TUR"]
[BlackTeamCountry "TUR"]

1. d4 Nf6 2. Nf3 g6 3. b3 Bg7 4. Bb2 d5 5. Nbd2 0-0 6. e3 c6 7. Bd3 a5 8. a3 Nbd7 9. 0-0 a4 10. b4 b5 11. e4 Nb6 12. Re1 Nc4 13. Bxc4 1-0

[Event "TUR-chT2"]
[Site "Konya"]
[Date "2016.07.19"]
[Round "5.4"]
[White "Gokbulut, Julia"]
[Black "Gavasheli, Ana"]
[Result "1/2-1/2"]
[WhiteElo "2012"]
[BlackElo "2190"]
[PlyCount "130"]
[EventDate "2016.07.17"]
[EventType "team-swiss"]
[EventRounds "9"]
[EventCountry "TUR"]
[SourceTitle "CBM 173 Extra"]
[Source "ChessBase"]
[SourceDate "2016.08.29"]
[SourceVersion "1"]
[SourceVersionDate "2016.08.29"]
[SourceQuality "1"]
[WhiteTeam "Ankara Dernegi"]
[BlackTeam "Ordu Azdur"]
[WhiteTeamCountry "TUR"]
[BlackTeamCountry "TUR"]

1. d4 d5 2. c4 e6 3. Nf3 c5 4. cxd5 exd5 5. g3 Nc6 6. Bg2 Nf6 7. 0-0 Be7 8. dxc5 Bxc5 9. Qc2 Be7 10. e3 0-0 11. a3 Bg4 12. Nbd2 Rc8 13. Qd3 Qd7 14. b4 Bf5 15. Qb3 d4 16. Bb2 d3 17. Rac1 b5 18. Nd4 Nxd4 19. Bxd4 Rc2 20. Rcd1 Rfc8 21. Rfe1 Bh3 22. Qxd3 Bxg2 23. Kxg2 R2c3 24. Qe2 Qc6+ 25. f3 Rxa3 26. Rc1 Qd7 27. Rxc8+ Qxc8 28. Bxf6 Bxf6 29. Ne4 Be7 30. Qxb5 Ra2+ 31. Nf2 a6 32. Qb6 Qc2 33. Rf1 Qb2 34. Kh3 Qxb4 35. Qxb4 Bxb4 36. Nd3 Be7 37. Rb1 g6 38. Rb7 Bf6 39. e4 Bd4 40. Nb4 Re2 41. Nxa6 Bg1 42. Kg4 Rxh2 43. f4 h5+ 44. Kg5 Kg7 45. e5 Rh3 46. Rb3 Bf2 47. f5 Rxg3+ 48. Rxg3 Bxg3 49. fxg6 fxg6 50. Nc5 Bxe5 51. Ne4 Bd4 52. Kf4 Bb2 53. Kg5 Bc1+ 54. Kh4 Be3 55. Kh3 Kf7 56. Ng3 Kf6 57. Nxh5+ Kg5 58. Ng7 Kf4 59. Nh5+ Kf3 60. Nf6 g5 61. Ng4 Bf4 62. Nf6 Be5 63. Ng4 Bd4 64. Nh2+ Kf4 65. Ng4 Ke4 1/2-1/2